00766nam a2200169 a 450000100100000000500170001000800410002704000230006808200150009110000280010624502340013426000690036830000200043704900090045795201130046699900170057900003049320200930062336.0110518s1978 dr 000 0 spa d aDO-SdBNPbspaBNPHU axxxbR789d1 aRosario, Antonio92226710aDiscurso del Dr. Antonio Rosario rector de la Universidad Autónoma de Santo Domingo en el acto solemne de investidura con motivo del 440 aniversario de la fundación de la universidad, el 28 de octubre 1978 /cAntonio Rosario. aSanto Domingo :bUniversidad Autónoma de Santo Domingo,c1978. a16 p. ;c21 cm. aBNPD 0010718PDaPDbPDcCTd2011-05-18iLF1l0oxxx R789dp30493-10r2020-06-25w2020-06-25yLFPDZNo se presta c29985d29985